Welcome to the Holygrace Academy Library

Please use search bar below to get started

DAVID (BIBLE COMICS) (Record no. 7512)

MARC details
000 -LEADER
fixed length control field 00266nam a22001217a 4500
082 ## - DEWEY DECIMAL CLASSIFICATION NUMBER
Classification number 823
Item number UNK/D
100 ## - MAIN ENTRY--AUTHOR NAME
Personal name UNKNOWN
245 ## - TITLE STATEMENT
Title DAVID (BIBLE COMICS)
260 ## - PUBLICATION, DISTRIBUTION, ETC. (IMPRINT)
Place of publication CHALAKUDY
Name of publisher DIVINE RETREAT CENTRE
300 ## - PHYSICAL DESCRIPTION
Number of Pages 32
650 ## - SUBJECT ADDED ENTRY--TOPICAL TERM
Topical Term ENGLISH STORY
Geographic subdivision KERALA
942 ## - ADDED ENTRY ELEMENTS (KOHA)
Koha item type Books
Holdings
Withdrawn status Lost status Collection code Home library Current library Date acquired Source of acquisition Cost, normal purchase price Full call number Accession Number Koha item type
Withdrawn Damaged Item Fiction Main Library Main Library 13/05/2004 purchase 3.00 823 UNK/D 00635 Books